000 00664nam a2200181 i 4500
001 108409
003 ES-MaACL
005 20250730225922.0
007 t|
008 061121s1941 sp r ||||1| spa d
100 1 _aMontero Díaz, Santiago,
_d1911-1985
_982517
245 1 0 _aSemblanza italiana de Pedro III de Aragón
_b: conferencia [leída en el Instituto Italiano de Cultura de Madrid el 7 de mayo de 1940] /
_cSantiago Montero Díaz.
260 _aMadrid :
_b[s.n.],
_c1941 (
_f` Marsiega`)
300 _a31 p. ;
_c22 cm.
600 0 7 _aPedro
_bIII,
_cRey de Aragón
_2
_9140296
852 _aES-MaACL
_j1831-F-8
_bR.19002
999 _c108409
_d108409